00818nam a22001697a 450000500170000000800410001702000180005804100080007608000170008410000150010124501450011626400390026130000200030065302060032065300970052670000250062320210624135225.0210624s2016 enk||||| |||| 00| 0 eng d a9780199743070 aeng a364.694 W-14 aWang, Mian aSupporting Families of Children With Developmental Disabilities :bEvidence-based and Emerging Practices /cMian Wang, George H. S. Singer. aOxford :bUniversity Press,c2016. a355 p. b23 cm. aგანვითარების შეზღუდული შესაძლებლობის მქონე ბავშვების ოჯახების დახმარება aПоддержка семей детей с отклонениями в развитии aSinger, George H. S.